Selected readings on the learning process /
Spremljeno u:
| Glavni autor: | |
|---|---|
| Daljnji autori: | |
| Format: | Sách giấy |
| Jezik: | English |
| Izdano: |
New York :
Oxford University Press,
1961.
|
| Oznake: |
Dodaj oznaku
Bez oznaka, Budi prvi tko označuje ovaj zapis!
|
| Thư viện lưu trữ: | Thư viện Trường Đại học Đà Lạt |
|---|
| LEADER | 00694nam a2200277 4500 | ||
|---|---|---|---|
| 001 | DLU100109703 | ||
| 005 | ##20100713 | ||
| 040 | # | # | |a DLU |b vie |
| 041 | # | # | |a eng |
| 044 | # | # | |a us |
| 082 | # | # | |a 154.408 2 |b HA-T |
| 100 | # | # | |a Harris, Theodore L. |
| 245 | # | # | |a Selected readings on the learning process / |c Theodore L. Harris, Wilson E. Schwahn. |
| 260 | # | # | |a New York : |b Oxford University Press, |c 1961. |
| 300 | # | # | |a xi, 428 p. ; |c 21 cm. |
| 700 | # | # | |a Schwahn, Wilson E. |
| 923 | # | # | |a 100/2010 |
| 992 | # | # | |a 0 |
| 994 | # | # | |a DLU |
| 900 | # | # | |a True |
| 911 | # | # | |a Lý Thị Hồng Hạnh |
| 925 | # | # | |a G |
| 926 | # | # | |a A |
| 927 | # | # | |a SH |
| 980 | # | # | |a Thư viện Trường Đại học Đà Lạt |